| 000 | 00803nam a2200217Ia 4500 | ||
|---|---|---|---|
| 003 | OSt | ||
| 005 | 20220927105746.0 | ||
| 006 | a|||||r|||| 00| 0 | ||
| 007 | ta | ||
| 008 | 220926b |||||||| |||| 00| 0 eng d | ||
| 024 | _a203616 | ||
| 037 | _cReference Collections | ||
| 040 |
_aRTL _cRTL _beng |
||
| 041 |
_2eng _aeng |
||
| 082 | _a"Sigma sn2 P14, Q5/GD" | ||
| 100 |
_a"INDIA, STATISTICS & PROGRAMME IMPLEMENTATION (M/-o)" _9374780 |
||
| 245 | 0 |
_aNational sample survey of india _b" 71st Round January -June 2014, Key indicators of social consumptions in india education" |
|
| 260 |
_aNew _b"Delhi, Government of India, " _c2015 |
||
| 942 |
_h"Sigma sn2 P14, Q5/GD" _cCC |
||
| 999 |
_c694440 _d694440 |
||